000 00849nam a2200265 c 4500
999 _c344469
_d344469
003 BLK
005 20190930151448.0
008 180911b bul|||||r ||||||| ||bul||
010 _a004134
040 _aBLK
041 _aFRE
_cBUL
080 _z949.72(042.3)
100 1 _aBOUSQUET, Georges
_eпърви автор
_9397305
245 0 0 _aLa Bulgarie
246 _aCommunication faite a la Societe de sociologie de Paris le 14 March 1917
260 _aSofia
_bImpr. de l`Etat
_c1918
300 _a19 с
_c20 см
380 _a9
490 _aЧастна колекция - Академик Михаил Арнаудов
_gДарение - Основен фонд
501 _aExtr. Revue internationale de sociologie : 1918.
655 _aбългарска история
_9396199
852 _aМА 648
_bМА
942 _cKNG
_n0
_s1
944 _aCR
_c1995
999 _d344469